000 00800nab a2200241 u 4500
001 18658
003 HDC
007 cr bn ---aaaaa
008 210227c |r|noo 0 a d
040 _aHDC
245 0 _aA'SAFFA FOODS CHICKEN PROVIDES VITAL PROTEIN FOR GROWTH AND HEALTH
260 _a[No place] :
_b[publisher not identified],
_c2016
336 _atext
_2rdacontent
337 _acomputer
_2rdamedia
338 _aonline resource
_2rdacarrier
650 _aHalal certificate
_9482
650 _aHealthy food
_92393
710 _aMUSCAT DAILY
856 _zRequest full-text at [email protected]
942 _2lcc
942 _cNEWS
942 _kNWSO 009608
999 _c15974
_d15974